000 00324 a2200133 4500
001 85381
020 _a9781597840736
082 _a297.092 HUN
090 _c40108
_d40107
100 _aRobert A. Hunt
245 _aMuslim Citizens of the Globalized World
260 _aNew Jersy
_bTughra Books
_c2010
300 _axv213
942 _acae nust
_k297.092 HUN
999 _c320454
_d320454